• 首页
  • 本馆介绍
  • 公告通知
  • 最新文献
  • 馆藏检索
  • 电子资源
  • 读者导购
  • 参考咨询
  • 我的图书馆
  • 登录
  • 详细信息显示
  • 放入我的书架
  • 预约/预借图书
  • 作者相关作品
  • 分类相关作品
  • 丛书相关作品
  • 出版社相关作品

书目信息

  • 表格格式
  • 工作单格式
  • 卡片格式
题名:
模仿律
    
 
作者: 塔尔德 著 ;帕森斯英, , 何道宽汉 译
分册:  
出版信息: 北京   中信出版集团  2020.1
页数: 515页
开本: 26cm
丛书名:
单 册:
中图分类: B842.9 , B842.6
科图分类:
主题词: 模仿--研究
电子资源:
ISBN: 978-7-5217-1070-0
000 01733nam0 2200289 45
001 012001000949
005 20140820111033.0
010    @a978-7-5217-1070-0@dCNY88.00
099    @aCAL 012020026927
100    @a20200310d2020 em y0chiy0110 ea
101 1  @achi@cfre
102    @aCN@b110000
105    @ay z 000yy
106    @ar
200 1  @a模仿律@Amo fang lv@d= The laws of imitation@f(法) 加布里埃尔·塔尔德著@g(美) 埃尔希·克鲁斯·帕森斯英译@g何道宽汉译@zeng
210    @a北京@c中信出版集团@d2020.1
215    @a515页@d26cm
330    @a本书认为模仿是“基本的社会现象”, 并提出了三个模仿律, 解释了社群的形成原因, 人类行为的进化, 信息的传播特征: 下降律: 社会下层人士具有模仿社会上层人士的倾向; 几何级数率: 在没有干扰的情况下, 模仿一旦开始, 便以几何级数增长, 迅速蔓延; 先外后内律: 个体对本土文化及其行为方式的模仿与选择, 总是优先于外域文化及其行为方式。这是一本社会学书籍, 也是一本哲学书籍, 模仿一直存在,而文明的进步令人的模仿行为更加个性化,更加理性化。社会中相似性的社会根源, 是各种形式的模仿的直接地或间接结果--这些模仿有风俗模仿或时尚模仿、同感模仿或服从模仿、感知模仿或教育模仿、无意识的模仿或有意识的模仿, 如此等等。塔尔德所提出的社会学的首要任务就是确认影响物体能否成功繁衍的变量, 从而解释为什么有些模仿能脱颖而出。要弄清楚, 在同样构想的100中语词、神话思想、工业流程等革新之中, 为什么一成的革新能得到传播, 九成的却被忘记。塔尔德提出的范式还奠定了市场营销的研究范式。
500 10 @aLaws of imitation@mChinese
606 0  @a模仿@x研究
690    @aB842.9@v5
690    @aB842.6@v5
701  1 @a塔尔德@Ata er de@g(Tarde, Gabriel)@4著
702  1 @a帕森斯英,@Apa sen si ying@b埃尔希·克鲁斯@4译
702  0 @a何道宽汉@Ahe dao kuan han@4译
801    @aCN@bAHXH@c20210922
905    @b1250470-4@dB842.9@e3852@f5
    
    模仿律= The laws of imitation/(法) 加布里埃尔·塔尔德著/(美) 埃尔希·克鲁斯·帕森斯英译/何道宽汉译.-北京:中信出版集团,2020.1
    515页;26cm
    
    
    ISBN 978-7-5217-1070-0:CNY88.00
    本书认为模仿是“基本的社会现象”, 并提出了三个模仿律, 解释了社群的形成原因, 人类行为的进化, 信息的传播特征: 下降律: 社会下层人士具有模仿社会上层人士的倾向; 几何级数率: 在没有干扰的情况下, 模仿一旦开始, 便以几何级数增长, 迅速蔓延; 先外后内律: 个体对本土文化及其行为方式的模仿与选择, 总是优先于外域文化及其行为方式。这是一本社会学书籍, 也是一本哲学书籍, 模仿一直存在,而文明的进步令人的模仿行为更加个性化,更加理性化。社会中相似性的社会根源, 是各种形式的模仿的直接地或间接结果--这些模仿有风俗模仿或时尚模仿、同感模仿或服从模仿、感知模仿或教育模仿、无意识的模仿或有意识的模仿, 如此等等。塔尔德所提出的社会学的首要任务就是确认影响物体能否成功繁衍的变量, 从而解释为什么有些模仿能脱颖而出。要弄清楚, 在同样构想的100中语词、神话思想、工业流程等革新之中, 为什么一成的革新能得到传播, 九成的却被忘记。塔尔德提出的范式还奠定了市场营销的研究范式。
●
相关链接 在E读中查询图书 在五车中查询图书 在当当中查询图书 在豆瓣中查询图书


正题名:模仿律     索取号:B842.9/3852         预约/预借

序号 登录号 条形码 馆藏地/架位号 状态 备注
1 1250470   212504707   第一样本阅览室/ [索取号:B842.9/3852] 在馆    
2 1250471   212504716   教育系资料室/ [索取号:B842.9/3852] 在馆    
3 1250472   212504725   教育系资料室/ [索取号:B842.9/3852] 在馆    
4 1250473   212504734   第一借阅区/ [索取号:B842.9/3852] 在馆    
5 1250474   212504743   第一借阅区/ [索取号:B842.9/3852] 在馆    
唐山师范学院图书馆 欢迎您!
大连网信软件有限公司© 版权所有